| 000 | 00694nam a2200229 a 4500 | ||
|---|---|---|---|
| 999 |
_c7623 _d7623 |
||
| 001 | 7623 | ||
| 003 | BD-JhCC | ||
| 005 | 20180212131430.0 | ||
| 008 | 180212b1993 bg a|||| ||a| 000 0 ben d | ||
| 020 | _a9840729241 | ||
| 035 | _a(BD-JhCC) 7623 | ||
| 040 |
_aBD-JhCC _dBD-JhCC |
||
| 041 | _aben | ||
| 082 |
_a615.532 _bAHM 1993 |
||
| 100 |
_aAhmed, Dr. K., _cDr. Md. Kayesuddin |
||
| 245 |
_aস্ট্যান্ডার্ড মেটিরিয়া মেডিকা / _c Dr. K. Ahmed, |
||
| 260 |
_aঢাকা : _bবাংলা একাডেমী ঢাকা , _c1993 |
||
| 300 |
_a289 p .: _c21 cm . |
||
| 650 | _aMedical Science | ||
| 942 |
_2ddc _cBK |
||